[Event "ICS rated blitz match"]
[Site "204.178.125.65"]
[Date "1999.07.31"]
[Round "?"]
[White "pully"]
[Black "Hossa"]
[Result "0-1"]
[WhiteElo "2049"]
[BlackElo "2433"]
[PlyCount "138"]
[EventDate "1999.??.??"]

1. d4 e6 2. d5 exd5 3. Qxd5 Ne7 4. Qd1 d5 5. g3 Nbc6 6. Bg2 Bf5 7. Nf3 Qd7 8.
O-O O-O-O 9. Nbd2 Bh3 10. a4 Bxg2 11. Kxg2 Re8 12. a5 a6 13. c3 Qf5 14. Nb3 Qg4
15. Qc2 g6 16. h3 Qe4 17. Qxe4 dxe4 18. Nfd4 f5 19. Be3 Ne5 20. Rfd1 Nc4 21.
Ne6 Nxb2 22. Rdb1 Nc4 23. Nxf8 Nxe3+ 24. fxe3 Rhxf8 25. Nc5 Rf6 26. Rb3 Rc6 27.
Nxb7 Nd5 28. Kf2 Nxc3 29. Rc1 h5 30. Rcxc3 Rxc3 31. Nd6+ Kd7 32. Rxc3 Kxd6 33.
Rb3 Kd7 34. Rb7 Re5 35. g4 hxg4 36. hxg4 Rxa5 37. g5 Rb5 38. Ra7 Rb6 39. Kg3
Kc6 40. Kf4 Kd6 41. Ra8 Kd5 42. Rd8+ Rd6 43. Ra8 c5 44. Ra7 c4 45. Rc7 Rc6 46.
Ra7 c3 47. Rd7+ Kc4 48. Rd1 c2 49. Rc1 Kc3 50. Ke5 Kb2 51. Rg1 Rc8 52. Kf6 Rd8
53. Kxg6 Rd1 54. Rxd1 cxd1=Q 55. Kxf5 Qxe2 56. g6 Qxe3 57. g7 Qg3 58. Kf6 Qxg7+
59. Kxg7 e3 60. Kf6 e2 61. Kf5 e1=Q 62. Kf6 Kc2 63. Kf5 Kd3 64. Kf6 Qe8 65. Kf5
Ke3 66. Kf6 Kf4 67. Kg7 Kg5 68. Kh7 Kf6 69. Kh6 69... Qh8# {pully checkmated}
0-1

[Event "ICS rated blitz match"]
[Site "204.178.125.65"]
[Date "1999.07.31"]
[Round "?"]
[White "Hossa"]
[Black "pully"]
[Result "1-0"]
[WhiteElo "2436"]
[BlackElo "2046"]
[PlyCount "31"]
[EventDate "1999.??.??"]

1. d4 Nf6 2. c4 c5 3. d5 b5 4. cxb5 a6 5. f3 e5 6. e4 d6 7. bxa6 Bxa6 8. Bxa6
Qa5+ 9. Nc3 Qxa6 10. Nge2 Be7 11. f4 exf4 12. O-O O-O 13. Nxf4 Nbd7 14. Qd3 Ne5
15. Qxa6 Ra7 16. Qxa7 {pully resigns} 1-0

[Event "ICS rated blitz match"]
[Site "204.178.125.65"]
[Date "1999.07.31"]
[Round "?"]
[White "donsky"]
[Black "Hossa"]
[Result "0-1"]
[WhiteElo "2554"]
[BlackElo "2439"]
[PlyCount "86"]
[EventDate "1999.??.??"]

1. d4 e6 2. Nf3 d5 3. c4 c5 4. e3 Nc6 5. dxc5 Bxc5 6. Be2 Nge7 7. O-O O-O 8.
Nc3 Bb4 9. Qb3 Qd6 10. a3 Bxc3 11. Qxc3 e5 12. Rd1 Rd8 13. b4 Bg4 14. c5 Qg6
15. Kf1 Rac8 16. Bb2 a6 17. g3 Qh5 18. Kg1 Bxf3 19. Bxf3 Qxf3 20. Rac1 Rf8 21.
Qe1 f6 22. a4 Ng6 23. b5 Nb8 24. h3 Ne7 25. Rc2 axb5 26. axb5 Qf5 27. Rdc1 Qxh3
28. Qe2 Rc7 29. Ba3 Ng6 30. c6 Rd8 31. cxb7 Rxb7 32. Rc8 Rxc8 33. Rxc8+ Qxc8
34. Qa2 Rxb5 35. Kg2 Qg4 36. Qc2 Nh4+ 37. Kh2 Nf3+ 38. Kg2 Ne1+ 39. Kf1 Nxc2
40. Kg2 Qe4+ 41. f3 Nxe3+ 42. Kh3 Qxf3 43. Bc1 43... Qh1# {donsky checkmated}
0-1

[Event "ICS rated blitz match"]
[Site "204.178.125.65"]
[Date "1999.07.31"]
[Round "?"]
[White "Hossa"]
[Black "avishai"]
[Result "1-0"]
[WhiteElo "2460"]
[BlackElo "2086"]
[PlyCount "57"]
[EventDate "1999.??.??"]

1. d4 Nf6 2. c4 c5 3. d5 e6 4. Nc3 exd5 5. cxd5 d6 6. Nf3 g6 7. Nd2 Bg7 8. e4
O-O 9. Be2 Re8 10. O-O a6 11. f3 Nbd7 12. Nc4 Ne5 13. Nxe5 Rxe5 14. Bf4 Re8 15.
Qd2 Nh5 16. Bg5 Qc7 17. Bh6 Bd4+ 18. Kh1 b5 19. Rfc1 Qe7 20. g4 Ng7 21. b4 Qh4
22. Bf4 f5 23. Bxd6 fxg4 24. bxc5 Bf2 25. fxg4 b4 26. Nd1 Rxe4 27. Nxf2 Qxf2
28. Rf1 Qxe2 29. Rf8# {avishai checkmated} 1-0

[Event "ICS rated blitz match"]
[Site "204.178.125.65"]
[Date "1999.07.31"]
[Round "?"]
[White "avishai"]
[Black "Hossa"]
[Result "0-1"]
[WhiteElo "2083"]
[BlackElo "2463"]
[PlyCount "80"]
[EventDate "1999.??.??"]

1. e4 e5 2. Nf3 Nf6 3. Nc3 Bb4 4. Bc4 d6 5. d4 Nxe4 6. dxe5 Nxc3 7. Qd2 Nxa2 8.
c3 Nxc1 9. cxb4 Qe7 10. O-O dxe5 11. Re1 Nd7 12. Raxc1 O-O 13. Qd5 c6 14. Qe4
Re8 15. Rcd1 Qf6 16. Bd3 Qh6 17. h4 Nf6 18. Qc4 Bg4 19. Ng5 Qh5 20. f3 Be6 21.
Nxe6 Rxe6 22. b5 cxb5 23. Qxb5 Qxh4 24. Qxb7 Ree8 25. Bc4 Qxc4 26. Rxe5 Reb8
27. Qe7 a5 28. Rde1 Qd4+ 29. Kh1 a4 30. Qc5 Qh4+ 31. Kg1 Rxb2 32. R5e2 Rxe2 33.
Rxe2 Rb8 34. Qc1 Rd8 35. Rf2 Nh5 36. Rd2 Re8 37. Rd1 Nf4 38. Rd4 Ne2+ 39. Kf1
Qxd4 40. Qe1 40... Qg1# {avishai checkmated} 0-1

[Event "ICS rated blitz match"]
[Site "204.178.125.65"]
[Date "1999.07.31"]
[Round "?"]
[White "Hossa"]
[Black "beul"]
[Result "0-1"]
[WhiteElo "2466"]
[BlackElo "2023"]
[PlyCount "120"]
[EventDate "1999.??.??"]

1. d4 Nf6 2. c4 g6 3. Nc3 Bg7 4. e4 d6 5. f3 O-O 6. Be3 e5 7. Nge2 c6 8. Qd2
Nbd7 9. O-O-O Qc7 10. Kb1 a6 11. Bh6 b5 12. Bxg7 Kxg7 13. dxe5 dxe5 14. Ng3 Nc5
15. Qd6 Qxd6 16. Rxd6 Bb7 17. b4 Ne6 18. h4 Rad8 19. Rxd8 Rxd8 20. h5 Nf4 21.
hxg6 hxg6 22. cxb5 cxb5 23. Kc2 Rd4 24. a3 N6h5 25. Nxh5+ Nxh5 26. Ne2 Rd7 27.
g4 Nf6 28. Nc3 Nh7 29. Be2 Ng5 30. Rd1 Rxd1 31. Kxd1 Kf6 32. a4 bxa4 33. Nxa4
Ne6 34. Nc5 Nxc5 35. bxc5 Ke6 36. Bc4+ Ke7 37. Bd5 Bxd5 38. exd5 f5 39. gxf5
gxf5 40. c6 Kd6 41. Kd2 a5 42. Kc2 e4 43. fxe4 fxe4 44. Kc3 a4 45. Kb2 e3 46.
Kc3 e2 47. Kd2 a3 48. Ke1 a2 49. Kxe2 a1=Q 50. Kf3 Kxd5 51. Kf4 Kxc6 52. Kg3
Qf1 53. Kg4 Kd6 54. Kg3 Ke5 55. Kh2 Qf8 56. Kg3 Ke4 57. Kg2 Qf3+ 58. Kg1 Qe2
59. Kh1 Kf3 60. Kg1 60... Qg2# {Hossa checkmated} 0-1

[Event "ICS rated blitz match"]
[Site "204.178.125.65"]
[Date "1999.07.31"]
[Round "?"]
[White "avishai"]
[Black "Hossa"]
[Result "0-1"]
[WhiteElo "2080"]
[BlackElo "2436"]
[PlyCount "45"]
[EventDate "1999.??.??"]

1. e4 e5 2. Nf3 Nf6 3. d3 Nc6 4. Nc3 Bb4 5. Be3 d5 6. exd5 Nxd5 7. a3 Nxc3 8.
bxc3 Bxc3+ 9. Nd2 Bxa1 10. Qxa1 Nd4 11. Qb2 O-O 12. c3 Nf5 13. Be2 Nxe3 14.
fxe3 Qg5 15. e4 Qxg2 16. Bf3 Qg5 17. Nf1 Rd8 18. Qe2 Qc1+ 19. Kf2 Qxc3 20. Rg1
Qxa3 21. Ne3 Rxd3 22. Bg4 Qc3 23. Kg3 {avishai resigns} 0-1

[Event "ICS rated blitz match"]
[Site "204.178.125.65"]
[Date "1999.07.31"]
[Round "?"]
[White "Hossa"]
[Black "avishai"]
[Result "1-0"]
[WhiteElo "2440"]
[BlackElo "2076"]
[PlyCount "89"]
[EventDate "1999.??.??"]

1. d4 Nf6 2. c4 c5 3. d5 e6 4. Nc3 exd5 5. cxd5 d6 6. Nf3 g6 7. Nd2 Bg7 8. e4
O-O 9. Be2 a6 10. a4 Nbd7 11. O-O Qc7 12. Nf3 Rb8 13. Bg5 b5 14. axb5 axb5 15.
b4 c4 16. Ra5 Re8 17. Nd2 h6 18. Bh4 Ne5 19. Nxb5 Qb6 20. Bxf6 Bxf6 21. Bxc4
Bd7 22. Kh1 Rec8 23. Be2 Bxb5 24. Rxb5 Qd4 25. Rxb8 Rxb8 26. f4 Nd3 27. Bxd3
Qxd3 28. Rf3 Qd4 29. Qe2 Rxb4 30. Re3 Rb2 31. Rd3 Qb4 32. Qd1 Bc3 33. Nf1 Rb1
34. Qf3 Qc4 35. h3 Bd4 36. Rd1 Rxd1 37. Qxd1 Bf2 38. Qb1 Kh7 39. Nd2 Qe2 40.
Nf3 Bg3 41. f5 g5 42. f6 Kg6 43. e5+ Kh5 44. e6 g4 45. Qf5# {avishai checkmated
} 1-0

[Event "ICS rated blitz match"]
[Site "204.178.125.65"]
[Date "1999.07.31"]
[Round "?"]
[White "dirkpittt"]
[Black "Hossa"]
[Result "0-1"]
[WhiteElo "2049"]
[BlackElo "2444"]
[PlyCount "41"]
[EventDate "1999.??.??"]

1. d4 e6 2. e4 d5 3. Nc3 Bb4 4. Bd2 dxe4 5. f3 Qxd4 6. Qe2 e3 7. Bxe3 Bxc3+ 8.
Kf2 Bxb2 9. Bxd4 Bxd4+ 10. Kg3 Bxa1 11. Qe1 Bf6 12. Bb5+ c6 13. Bc4 Ne7 14. h3
Nf5+ 15. Kf4 g5+ 16. Ke4 Nd7 17. Kd3 Ne5+ 18. Kd2 Nxc4+ 19. Kd1 Nfe3+ 20. Ke2
Nxg2 21. Qc3 {dirkpittt resigns} 0-1

[Event "ICS rated blitz match"]
[Site "204.178.125.65"]
[Date "1999.07.31"]
[Round "?"]
[White "Hossa"]
[Black "avishai"]
[Result "1-0"]
[WhiteElo "2447"]
[BlackElo "2153"]
[PlyCount "89"]
[EventDate "1999.??.??"]

1. d4 Nf6 2. c4 c5 3. d5 e6 4. Nc3 exd5 5. cxd5 d6 6. Nf3 g6 7. Nd2 Bg7 8. e4
O-O 9. Be2 Nbd7 10. Nc4 Qe7 11. Bg5 Ne5 12. Ne3 a6 13. f4 Ned7 14. O-O h6 15.
Bh4 b5 16. Bf3 Rb8 17. Rc1 Re8 18. Qd3 Qf8 19. Rce1 c4 20. Qb1 Nc5 21. e5 Nh7
22. exd6 Qxd6 23. Nxc4 Rxe1 24. Nxd6 Rxb1 25. Rxb1 Nd3 26. Ne2 Nxb2 27. Rc1 Bd7
28. Rc7 Bf5 29. Nxf5 gxf5 30. Ra7 Rb6 31. Bh5 Nf6 32. Bxf7+ Kh7 33. Be6 Ne4 34.
Bxf5+ Kg8 35. Bxe4 Nc4 36. Bf2 Rd6 37. Bc5 Rd8 38. Rxa6 Nd2 39. Bf5 Nc4 40.
Be6+ Kh7 41. Ra7 Kg6 42. f5+ Kf6 43. Bd4+ Ne5 44. h4 Bf8 45. Rf7# {
avishai checkmated} 1-0

[Event "ICS rated blitz match"]
[Site "204.178.125.65"]
[Date "1999.07.31"]
[Round "?"]
[White "avishai"]
[Black "Hossa"]
[Result "0-1"]
[WhiteElo "2148"]
[BlackElo "2452"]
[PlyCount "54"]
[EventDate "1999.??.??"]

1. e4 e5 2. Nf3 Nf6 3. d3 Nc6 4. Bg5 Be7 5. Nc3 O-O 6. g3 Bb4 7. Bg2 Bxc3+ 8.
bxc3 h6 9. Be3 d5 10. Bc5 Re8 11. Qe2 b6 12. Ba3 dxe4 13. dxe4 Qd7 14. O-O Qg4
15. h3 Qxe4 16. Qb5 a6 17. Nxe5 axb5 18. Bxe4 Nxe4 19. Nxc6 Rxa3 20. Rfe1 Rxc3
21. Na7 Bxh3 22. Kh2 Bg4 23. Nxb5 Rxc2 24. Kg1 Bh3 25. Nd4 Rxf2 26. Rac1 Rg2+
27. Kh1 27... Nxg3# {avishai checkmated} 0-1

[Event "ICS rated blitz match"]
[Site "204.178.125.65"]
[Date "1999.07.31"]
[Round "?"]
[White "Hossa"]
[Black "LANDSHARK"]
[Result "1-0"]
[WhiteElo "2461"]
[BlackElo "2417"]
[PlyCount "123"]
[EventDate "1999.??.??"]

1. d4 Nf6 2. c4 e6 3. Nc3 c5 4. d5 exd5 5. cxd5 d6 6. e4 g6 7. Bb5+ Bd7 8. Qe2
Bxb5 9. Qxb5+ Qd7 10. Nge2 a6 11. Qxd7+ Nbxd7 12. O-O b5 13. f3 Bg7 14. Bf4 Ke7
15. a4 b4 16. Nd1 Nh5 17. Bg5+ Bf6 18. Bxf6+ Nhxf6 19. Ne3 Rhe8 20. Nc4 Rab8
21. Rae1 Nb6 22. Na5 Kd7 23. Nc6 Ra8 24. b3 Ng8 25. Nf4 Ne7 26. Nxe7 Rxe7 27.
a5 Nc8 28. g4 Na7 29. h4 Rae8 30. Rc1 Nb5 31. g5 Nd4 32. Rb1 Rf8 33. Nd3 f6 34.
Kg2 fxg5 35. hxg5 Ne2 36. Rh1 Nd4 37. Rh3 Rff7 38. e5 Rg7 39. e6+ Kc7 40. Rhh1
Nf5 41. Rhe1 h6 42. gxh6 Nxh6 43. Rbc1 Nf5 44. Nxb4 Kb7 45. Nc6 Re8 46. b4 cxb4
47. Re4 Ne7 48. Rxb4+ Ka8 49. Rb6 Nxc6 50. Rcxc6 Ra7 51. Rxd6 Rc8 52. Rxa6 Rxa6
53. Rxa6+ Kb7 54. Rb6+ Ka7 55. e7 Rc2+ 56. Kg3 Re2 57. Re6 g5 58. Rxe2 g4 59.
fxg4 Ka6 60. Rb2 Kxa5 61. e8=Q Ka6 62. Qa8# {LANDSHARK checkmated} 1-0

[Event "ICS rated blitz match"]
[Site "204.178.125.65"]
[Date "1999.07.31"]
[Round "?"]
[White "Swingking"]
[Black "Hossa"]
[Result "0-1"]
[WhiteElo "2338"]
[BlackElo "2479"]
[PlyCount "78"]
[EventDate "1999.??.??"]

1. d4 e6 2. Nf3 d5 3. g3 Bd6 4. Bg2 Ne7 5. c4 c5 6. O-O O-O 7. cxd5 exd5 8.
dxc5 Bxc5 9. Nd4 Bxd4 10. Qxd4 Nbc6 11. Qa4 Be6 12. Nc3 Qd7 13. Rd1 Rac8 14.
Be3 b6 15. Rd2 Qd6 16. Rad1 Rfd8 17. Bf4 Qc5 18. Qb5 d4 19. Qxc5 bxc5 20. Ne4
c4 21. Nc5 Nd5 22. Nxe6 fxe6 23. Bg5 Re8 24. a3 c3 25. bxc3 Nxc3 26. Re1 h6 27.
Bf4 e5 28. Bxe5 Nxe5 29. Rxd4 Nc4 30. e3 Nxa3 31. Ra1 Nc2 32. Rad1 Nxd4 33.
exd4 Nxd1 34. d5 Re1+ 35. Bf1 Rc2 36. Kg2 Rxf2+ 37. Kh3 Rexf1 38. Kg4 Rxh2 39.
d6 39... Ne3# {Swingking checkmated} 0-1

[Event "ICS rated blitz match"]
[Site "204.178.125.65"]
[Date "1999.07.31"]
[Round "?"]
[White "MrHorse"]
[Black "Hossa"]
[Result "0-1"]
[WhiteElo "2334"]
[BlackElo "2490"]
[PlyCount "122"]
[EventDate "1999.??.??"]

1. e4 e5 2. Nf3 Nf6 3. Nxe5 Nxe4 4. Qe2 d5 5. d3 Qe7 6. dxe4 Qxe5 7. exd5 Bd6
8. Nd2 O-O 9. Qxe5 Bxe5 10. Nf3 Re8 11. Be2 Bg4 12. Nxe5 Rxe5 13. f3 Bf5 14.
Bf4 Rxd5 15. Rd1 c6 16. Rxd5 cxd5 17. c3 Nc6 18. Kf2 Re8 19. Rd1 Be6 20. a3 Na5
21. g4 Nc4 22. Bc1 b6 23. Rd4 a5 24. b3 Ne5 25. a4 Rc8 26. Bb2 Nd7 27. Bd1 Re8
28. h3 f6 29. Rd2 h6 30. Re2 g5 31. Bc2 Kg7 32. Bc1 Bf7 33. Rxe8 Bxe8 34. f4
Nc5 35. fxg5 hxg5 36. Be3 Bg6 37. Bxg6 Kxg6 38. Bxc5 bxc5 39. Ke3 f5 40. gxf5+
Kxf5 41. Kf3 Kg6 42. Kg4 Kh6 43. Kg3 Kh5 44. Kf3 Kh4 45. Kg2 d4 46. cxd4 cxd4
47. b4 d3 48. Kf3 Kxh3 49. bxa5 g4+ 50. Ke3 g3 51. a6 g2 52. a7 g1=Q+ 53. Kxd3
Qxa7 54. Ke4 Qxa4+ 55. Ke5 Kg4 56. Kd5 Kf5 57. Kd6 Qc4 58. Kd7 Ke5 59. Ke7 Qc7+
60. Ke8 Kf6 61. Kf8 61... Qc8# {MrHorse checkmated} 0-1

[Event "ICS rated blitz match"]
[Site "204.178.125.65"]
[Date "1999.07.31"]
[Round "?"]
[White "Hossa"]
[Black "MrHorse"]
[Result "0-1"]
[WhiteElo "2499"]
[BlackElo "2306"]
[PlyCount "98"]
[EventDate "1999.??.??"]

1. d4 Nf6 2. c4 g6 3. Nc3 Bg7 4. e4 d6 5. f3 O-O 6. Be3 Nc6 7. Rb1 a6 8. d5 Ne5
9. Qc1 c6 10. Bh6 cxd5 11. cxd5 b5 12. Qg5 Bxh6 13. Qxh6 Qb6 14. Rd1 Bd7 15. a3
a5 16. Rc1 b4 17. axb4 axb4 18. Nd1 Rfc8 19. Rxc8+ Rxc8 20. Nh3 Bb5 21. Nhf2
Bxf1 22. Kxf1 Rc2 23. Ke1 Qd4 24. b3 Qa1 25. h3 Rc1 26. Qd2 Nh5 27. h4 Qc3 28.
Rh3 Nf4 29. Rg3 h5 30. Rh3 Nxh3 31. Nxh3 Ra1 32. Nf4 f6 33. Nh3 Nd3+ 34. Ke2
Nc1+ 35. Qxc1 Qxc1 36. Nhf2 Ra2+ 37. Ke1 Qd2+ 38. Kf1 Qe2+ 39. Kg1 Ra1 40. Kh2
Rxd1 41. Nxd1 Qxd1 42. Kg3 Qxb3 43. e5 Qe3 44. Kh2 b3 45. exd6 exd6 46. g4 Qf2+
47. Kh3 b2 48. f4 b1=Q 49. f5 49... Qh1# {Hossa checkmated} 0-1

[Event "ICS rated blitz match"]
[Site "204.178.125.65"]
[Date "1999.07.31"]
[Round "?"]
[White "MrHorse"]
[Black "Hossa"]
[Result "1/2-1/2"]
[WhiteElo "2330"]
[BlackElo "2475"]
[PlyCount "66"]
[EventDate "1999.??.??"]

1. e4 e5 2. Nf3 Nf6 3. Nxe5 Nxe4 4. Qe2 d5 5. d3 Qe7 6. dxe4 Qxe5 7. exd5 Bd6
8. Nc3 O-O 9. Qxe5 Bxe5 10. Be3 c6 11. dxc6 Bxc3+ 12. bxc3 Nxc6 13. O-O-O Be6
14. a3 Rfc8 15. Be2 Ne5 16. Bd4 Nc6 17. Bf3 Rc7 18. Bxc6 Rxc6 19. Rhe1 b6 20.
Re5 f6 21. Re3 Rd8 22. Rde1 Rdd6 23. f3 h6 24. g4 Kh7 25. h4 Bc4 26. h5 Rd5 27.
Re7 Ra5 28. Kb2 Rb5+ 29. Kc1 Ra5 30. Rd7 Be6 31. Rb7 Kg8 32. Kb2 Rb5+ 33. Kc1
33... Ra5 {Game drawn by mutual agreement} 1/2-1/2

[Event "ICS rated blitz match"]
[Site "204.178.125.65"]
[Date "1999.07.31"]
[Round "?"]
[White "Hossa"]
[Black "Esen"]
[Result "1-0"]
[WhiteElo "2469"]
[BlackElo "2028"]
[PlyCount "127"]
[EventDate "1999.??.??"]

1. d4 Nf6 2. c4 e6 3. Nc3 Bb4 4. Bg5 Bxc3+ 5. bxc3 b6 6. e4 h6 7. Bxf6 Qxf6 8.
e5 Qe7 9. Qf3 c6 10. Bd3 Bb7 11. Ne2 d5 12. exd6 Qxd6 13. O-O O-O 14. Qe4 g6
15. Rae1 Nd7 16. Qh4 Kg7 17. a4 c5 18. Ng3 Nf6 19. Ne4 Nxe4 20. Bxe4 Bxe4 21.
Qxe4 Rfd8 22. Rd1 Rac8 23. d5 e5 24. f4 exf4 25. Qxf4 Qxf4 26. Rxf4 Re8 27.
Rdf1 Rc7 28. h4 h5 29. Rf6 Rd7 30. g3 Re4 31. R6f4 Rxf4 32. Rxf4 f6 33. Re4 Kf7
34. Kg2 Re7 35. Rxe7+ Kxe7 36. Kf3 Kd6 37. Ke4 a6 38. Kf4 a5 39. Ke4 Kd7 40.
Kd3 Kd6 41. Ke3 Ke5 42. Kf3 Kf5 43. Kf2 Ke5 44. Kg2 Kf5 45. Kh2 Ke5 46. Kh3 Kf5
47. g4+ hxg4+ 48. Kg3 Ke5 49. Kxg4 f5+ 50. Kg5 f4 51. Kg4 Ke4 52. d6 f3 53. d7
f2 54. d8=Q f1=Q 55. Kg5 Qf5+ 56. Kh6 Qh5+ 57. Kg7 Qf5 58. Qxb6 Qe5+ 59. Qf6
Qc7+ 60. Kxg6 Qg3+ 61. Qg5 Qd6+ 62. Kf7 Qf4+ 63. Qxf4+ Kxf4 64. Kg6 {
Esen resigns} 1-0

[Event "ICS rated blitz match"]
[Site "204.178.125.65"]
[Date "1999.07.31"]
[Round "?"]
[White "Esen"]
[Black "Hossa"]
[Result "0-1"]
[WhiteElo "2026"]
[BlackElo "2471"]
[PlyCount "40"]
[EventDate "1999.??.??"]

1. e4 e5 2. Nf3 Nf6 3. Nxe5 Nxe4 4. Qe2 d5 5. d3 Qe7 6. dxe4 Qxe5 7. exd5 Bd6
8. Qxe5+ Bxe5 9. Bb5+ c6 10. dxc6 bxc6 11. Bc4 O-O 12. O-O Bg4 13. c3 Nd7 14.
Re1 Rfe8 15. Bd2 Rad8 16. f3 Bf5 17. Be3 Bf4 18. Bf2 Rxe1+ 19. Bxe1 Bc1 20. Nd2
20... Bxb2 {Esen resigns} 0-1

[Event "ICS rated blitz match"]
[Site "204.178.125.65"]
[Date "1999.07.31"]
[Round "?"]
[White "Hossa"]
[Black "Esen"]
[Result "1/2-1/2"]
[WhiteElo "2473"]
[BlackElo "2024"]
[PlyCount "193"]
[EventDate "1999.??.??"]

1. d4 Nf6 2. c4 e6 3. Nc3 Bb4 4. Bg5 Bxc3+ 5. bxc3 h6 6. Bxf6 Qxf6 7. e4 d6 8.
Bd3 O-O 9. Qf3 Qxf3 10. Nxf3 Nd7 11. O-O e5 12. a3 c5 13. Rad1 f6 14. Nh4 Nb8
15. d5 g5 16. Ng6 Re8 17. Be2 Nd7 18. Rb1 b6 19. Rbd1 Ba6 20. Rfe1 Kg7 21. Bg4
Nf8 22. Nxf8 Kxf8 23. Bd7 Re7 24. Bb5 Bxb5 25. cxb5 Rg7 26. c4 Ke7 27. Re3 h5
28. f3 h4 29. Kf2 Rag8 30. Rde1 Kd7 31. a4 Kc7 32. Rd3 Kb7 33. Ra3 Ra8 34. a5
Rgg8 35. Rea1 Rgf8 36. Ke3 Rg8 37. g4 Rgf8 38. h3 Rg8 39. axb6 axb6 40. Ra6
Rgf8 41. R1a2 Rfe8 42. Kd3 Red8 43. R6a4 Rxa4 44. Rxa4 Ra8 45. Rxa8 Kxa8 46.
Kc3 Kb7 47. Kb3 Kc7 48. Kb2 Kb7 49. Kc2 Kc7 50. Kd3 Kb7 51. Ke3 Kc7 52. Kf2 Kd7
53. Kf1 Ke7 54. Ke1 Kf7 55. Kf2 Ke7 56. Ke3 Kd7 57. Kd3 Ke7 58. Kd2 Kf7 59. Ke2
Kg6 60. Ke3 Kh6 61. Kd3 Kg6 62. Ke2 Kh6 63. Ke3 Kg6 64. Kd3 Kh6 65. Kc2 Kg6 66.
Kc3 Kh6 67. Kb2 Kg6 68. Kc2 Kh6 69. Kc1 Kg6 70. Kd1 Kh6 71. Ke1 Kg6 72. Kf1 Kh6
73. Kg2 Kg6 74. Kh2 Kh6 75. Kg1 Kg6 76. Kf2 Kh6 77. Kf1 Kg6 78. Ke1 Kh6 79. Kf2
Kg6 80. Kf1 Kh6 81. Kg2 Kg6 82. Kh2 Kh6 83. Kg1 Kg6 84. Kf2 Kh6 85. Kf1 Kg6 86.
Ke1 Kh6 87. Kd1 Kg6 88. Kc1 Kh6 89. Kd2 Kg6 90. Kd1 Kh6 91. Ke2 Kg6 92. Ke3 Kh6
93. Kd3 Kg6 94. Ke2 Kh6 95. Ke3 Kg6 96. Kd3 Kh6 97. Kc2 {
Game drawn by the 50 move rule} 1/2-1/2

[Event "ICS rated blitz match"]
[Site "204.178.125.65"]
[Date "1999.07.31"]
[Round "?"]
[White "Esen"]
[Black "Hossa"]
[Result "0-1"]
[WhiteElo "2038"]
[BlackElo "2459"]
[PlyCount "88"]
[EventDate "1999.??.??"]

1. e4 e5 2. Nf3 Nf6 3. Nxe5 Nxe4 4. Qe2 d5 5. d3 Qe7 6. dxe4 Qxe5 7. exd5 Bd6
8. Qxe5+ Bxe5 9. Bb5+ c6 10. dxc6 bxc6 11. Bd3 O-O 12. Nd2 Ba6 13. Bxa6 Nxa6
14. Nc4 Nb4 15. Nxe5 Nxc2+ 16. Kd1 Nxa1 17. Be3 Rfd8+ 18. Kc1 Rd5 19. Nc4 f5
20. Kb1 f4 21. Bc1 Rg5 22. g3 Rc5 23. Na3 fxg3 24. fxg3 Nb3 25. axb3 Re8 26.
Nc4 Re2 27. h4 Kf7 28. Rf1+ Ke6 29. Rf4 Rd5 30. Rf3 Rd1 31. Re3+ Rxe3 32. Nxe3
Rh1 33. Nc4 Rg1 34. Kc2 Rxg3 35. Bd2 h6 36. Be1 Rh3 37. Na5 Kd5 38. Nc4 g5 39.
hxg5 hxg5 40. Nd2 g4 41. Nf1 Rh1 42. Ne3+ Ke4 43. Bf2 g3 44. Ng4 44... Rh2 {
Esen resigns} 0-1

[Event "ICS rated blitz match"]
[Site "204.178.125.65"]
[Date "1999.07.31"]
[Round "?"]
[White "Hossa"]
[Black "Esen"]
[Result "1-0"]
[WhiteElo "2462"]
[BlackElo "2035"]
[PlyCount "301"]
[EventDate "1999.??.??"]

1. d4 Nf6 2. c4 e6 3. Nc3 Bb4 4. Bg5 Bxc3+ 5. bxc3 h6 6. Bxf6 Qxf6 7. e4 d6 8.
Bd3 O-O 9. Qf3 Qxf3 10. Nxf3 Nd7 11. O-O e5 12. a3 c5 13. Rad1 f6 14. Nh4 Nb8
15. d5 g5 16. Ng6 Re8 17. Be2 b6 18. h4 Ba6 19. hxg5 hxg5 20. Rfe1 Kg7 21. Bh5
Bxc4 22. Nh4 Rd8 23. Nf5+ Kf8 24. Bg6 Ba6 25. Re3 Bc8 26. Rh3 Bxf5 27. Bxf5 Kg7
28. Rh7+ Kg8 29. Rd3 Nd7 30. Rxd7 Rxd7 31. Bxd7 Kg7 32. Rh3 Rh8 33. Rxh8 Kxh8
34. c4 Kg7 35. f3 Kf7 36. Kf2 Ke7 37. Bf5 Kf7 38. Ke3 Ke7 39. a4 a5 40. g4 Kf7
41. Kd3 Ke7 42. Ke2 Kf7 43. Ke3 Ke7 44. Kd2 Kf7 45. Kc3 Ke7 46. Be6 Kf8 47. Kb2
Ke7 48. Kb3 Kf8 49. Bd7 Kg7 50. Bf5 Kf7 51. Kb2 Kg7 52. Kc3 Kf7 53. Kd2 Kg7 54.
Kd3 Kf7 55. Ke2 Kg7 56. Kd1 Kf7 57. Kc2 Kg7 58. Kb2 Kf7 59. Kb3 Kg7 60. Kc2 Kf7
61. Be6+ Kg7 62. Kb2 Kf8 63. Kc3 Ke7 64. Kd3 Kf8 65. Ke2 Kg7 66. Kd2 Kf8 67.
Ke3 Ke7 68. Ke2 Kf8 69. Kf2 Kg7 70. Bf5 Kf8 71. Kg2 Ke7 72. Kg3 Kf7 73. Kh3 Ke7
74. Be6 Kf8 75. Kg3 Ke7 76. Kf2 Kf8 77. Bf5 Ke7 78. Kg2 Kf7 79. Kg3 Ke7 80. Be6
Kf8 81. Bc8 Ke7 82. Kf2 Kf7 83. Ke1 Ke7 84. Bf5 Kf7 85. Kd1 Ke7 86. Be6 Kf8 87.
Kc1 Ke7 88. Bf5 Kf8 89. Bd7 Ke7 90. Bc6 Kf8 91. f4 exf4 92. Bd7 Ke7 93. Bc8 Kf7
94. Kd2 Ke7 95. Kc2 Kf7 96. Be6+ Ke7 97. Kd3 Kf8 98. Bf5 Ke7 99. Kc3 Kf8 100.
Kc2 Ke7 101. Be6 Kf8 102. Kd2 Ke7 103. Bc8 Kf8 104. Bf5 Ke7 105. Be6 Kf8 106.
Kd1 Ke7 107. Bf5 Kf8 108. Kc1 Ke7 109. Kc2 Kf8 110. Kc3 Ke7 111. Kd3 Kf8 112.
Ke2 Ke7 113. Kf3 Kf8 114. Kf2 Ke7 115. Bc8 Kf7 116. Bf5 Ke7 117. Bc8 Kf7 118.
Kf3 Ke7 119. Ke2 Kf7 120. Bf5 Ke7 121. Kf2 Kf8 122. Be6 Ke7 123. Ke2 Kf8 124.
Ke1 Ke7 125. Kf1 Kf8 126. Ke2 Ke7 127. Kf3 Kf8 128. Kg2 Ke7 129. Kf2 Kf8 130.
Kf3 Ke7 131. Kg2 Kf8 132. Bf5 Ke7 133. Kf1 Kf7 134. Ke1 Ke7 135. Bg6 Kd8 136.
Ke2 Kc7 137. Bf5 Kd8 138. Kd1 Ke7 139. Bg6 Kf8 140. Bf5 Kg7 141. Kd2 Kh8 142.
e5 Kg7 143. exd6 Kf7 144. d7 Ke7 145. d6+ Kd8 146. Ke2 b5 147. axb5 a4 148. Kf3
a3 149. b6 a2 150. b7 a1=Q 151. b8=Q# {Esen checkmated} 1-0

[Event "ICS rated blitz match"]
[Site "204.178.125.65"]
[Date "1999.07.31"]
[Round "?"]
[White "j724"]
[Black "Hossa"]
[Result "0-1"]
[WhiteElo "2147"]
[BlackElo "2465"]
[PlyCount "30"]
[EventDate "1999.??.??"]

1. d4 e6 2. Nf3 d5 3. Bf4 c5 4. e3 cxd4 5. exd4 Qb6 6. Nc3 Qxb2 7. Nb5 Bb4+ 8.
Nd2 Na6 9. Rb1 Qxa2 10. Ra1 Qb2 11. Rxa6 bxa6 12. Nc7+ Kd8 13. Nxa8 Bb7 14. Nc7
Qxd4 15. Bg5+ 15... Kxc7 {j724 resigns} 0-1

[Event "ICS rated blitz match"]
[Site "204.178.125.65"]
[Date "1999.07.31"]
[Round "?"]
[White "Hossa"]
[Black "Esen"]
[Result "1/2-1/2"]
[WhiteElo "2483"]
[BlackElo "2014"]
[PlyCount "87"]
[EventDate "1999.??.??"]

1. d4 Nf6 2. c4 e6 3. Nc3 Bb4 4. Bg5 Bxc3+ 5. bxc3 h6 6. Bxf6 Qxf6 7. e4 d6 8.
Bd3 O-O 9. Qf3 Qxf3 10. Nxf3 Nd7 11. O-O e5 12. a3 c5 13. Rad1 f6 14. Nh4 b6
15. d5 Nb8 16. Be2 g5 17. Ng6 Re8 18. h4 Ba6 19. g3 Kg7 20. h5 Nd7 21. f3 Nf8
22. Nxf8 Rxf8 23. Bd3 Bc8 24. g4 Bd7 25. Rb1 Rfb8 26. Kf2 Kf8 27. Rb2 Ke7 28.
Ke3 Ba4 29. Rd2 Kd7 30. Bc2 Bxc2 31. Rxc2 b5 32. cxb5 Rxb5 33. Kf2 Rab8 34. Ra1
Rb2 35. Rxb2 Rxb2+ 36. Ke3 a5 37. Kd3 Kc7 38. a4 Rf2 39. Ke3 Rc2 40. Kd3 Rf2
41. Ke3 Rc2 42. Kd3 Rf2 43. Ke3 Rc2 44. Kd3 {Game drawn by repetition} 1/2-1/2

[Event "ICS rated blitz match"]
[Site "204.178.125.65"]
[Date "1999.07.31"]
[Round "?"]
[White "AtticusFinch"]
[Black "Hossa"]
[Result "0-1"]
[WhiteElo "2077"]
[BlackElo "2469"]
[PlyCount "102"]
[EventDate "1999.??.??"]

1. e4 e5 2. f4 exf4 3. Nf3 Be7 4. Bc4 Bh4+ 5. Kf1 d6 6. d4 Bg4 7. Bxf4 Qf6 8.
Bg3 Bxg3 9. hxg3 Qg6 10. Kf2 Nd7 11. Nc3 O-O-O 12. Bd3 Qf6 13. Rf1 Bxf3 14.
Qxf3 Qxd4+ 15. Qe3 Qxe3+ 16. Kxe3 Ngf6 17. Rae1 Ne5 18. Kd2 Nh5 19. Ne2 Rhe8
20. Rh1 Nf6 21. Nf4 Neg4 22. Nh5 Nxh5 23. Rxh5 h6 24. Rf5 Ne5 25. Ref1 Re6 26.
Ke3 Rde8 27. Kd2 Rg6 28. Bb5 c6 29. Ba4 Nc4+ 30. Kc3 Ne3 31. Rxf7 Nxf1 32. Rxf1
Rxe4 33. Rf3 Rxa4 34. b3 Rxa2 35. Rd3 Rg5 36. Rf3 Rc5+ 37. Kd3 Raxc2 38. Rf8+
Kc7 39. Ke4 R5c3 40. Kf5 Rf2+ 41. Kg6 Rxg3+ 42. Kh7 Rxf8 43. b4 Rg4 44. b5 cxb5
45. g3 Rf6 46. Kg8 Rxg3 47. Kh7 b4 48. Kg8 b3 49. Kh8 b2 50. Kg8 b1=Q 51. Kh8
51... Rf8# {AtticusFinch checkmated} 0-1